书目信息 |
| 题名: |
化石保护学基础教程
|
|
| 作者: | 孙革 著 | |
| 分册: | ||
| 出版信息: | 上海 上海科技教育出版社 2018 |
|
| 页数: | 159页 | |
| 开本: | 26cm | |
| 丛书名: | ||
| 单 册: | ||
| 中图分类: | Q911.2 | |
| 科图分类: | ||
| 主题词: | 古生物--化石--保护--师范大学--教材 | |
| 电子资源: | ||
| ISBN: | 978-7-5428-6857-2 | |
| 000 | 01182nam0 2200265 450 | |
| 001 | 012001001619 | |
| 005 | 20140108151111.0 | |
| 010 | @a978-7-5428-6857-2@dCNY88.00 | |
| 100 | @a20190508d2018 em y0chiy50 ea | |
| 101 | 0 | @achi@deng |
| 102 | @aCN@b310000 | |
| 105 | @aa z 000yy | |
| 106 | @ar | |
| 200 | 1 | @a化石保护学基础教程@Ahua shi bao hu xue ji chu jiao cheng@dBasic course on fossil protection@f孙革[等]著@zeng |
| 210 | @a上海@c上海科技教育出版社@d2018 | |
| 215 | @a159页@c图@d26cm | |
| 300 | @a沈阳师范大学“十三五”精品教材 | |
| 304 | @a著者还有:王丽霞、孙跃武、张立军 | |
| 330 | @a本书首次论述了化石保护学的学科属性、基本概念及研究内容;简明介绍了被保护主体一一化石的基本常识及其主要分类;结合我国化石保护的实际情况,首次提出将我国常见的化石中遴选出的5门(界)38类化石作为我国化石保护工作中“优先关注的化石类群”。书中还介绍了化石保护方法与技术以及地质公园和博物馆在化石保护中的作用,特别强调了化石保护在科学普及中的重要作用。 | |
| 510 | 1 | @aBasic course on fossil protection@zeng |
| 606 | 0 | @a古生物@x化石@x保护@x师范大学@j教材 |
| 690 | @aQ911.2@v5 | |
| 701 | 0 | @a孙革@Asun ge@4著 |
| 801 | 0 | @aCN@b北京卓展@c20191020 |
| 905 | @b1202260-3@dQ911.2@e32@f4 | |
| 化石保护学基础教程=Basic course on fossil protection/孙革[等]著.-上海:上海科技教育出版社,2018 |
| 159页:图;26cm |
| 沈阳师范大学“十三五”精品教材 |
| ISBN 978-7-5428-6857-2:CNY88.00 |
| 本书首次论述了化石保护学的学科属性、基本概念及研究内容;简明介绍了被保护主体一一化石的基本常识及其主要分类;结合我国化石保护的实际情况,首次提出将我国常见的化石中遴选出的5门(界)38类化石作为我国化石保护工作中“优先关注的化石类群”。书中还介绍了化石保护方法与技术以及地质公园和博物馆在化石保护中的作用,特别强调了化石保护在科学普及中的重要作用。 |
| ● |
| 相关链接 |
|
|
|
|
正题名:化石保护学基础教程
索取号:Q911.2/32
 
预约/预借
| 序号 | 登录号 | 条形码 | 馆藏地/架位号 | 状态 | 备注 |
| 1 | 1202260 | 212022602 | 第二样本阅览室/ [索取号:Q911.2/32] | 在馆 | |
| 2 | 1202261 | 212022611 | 第三借阅区/ [索取号:Q911.2/32] | 在馆 | |
| 3 | 1202262 | 212022620 | 第三借阅区/ [索取号:Q911.2/32] | 在馆 | |
| 4 | 1202263 | 212022639 | 第三借阅区/ [索取号:Q911.2/32] | 在馆 |